Geography Quiz

Random Geography or World Quiz

'A' World Metros Quiz Stats

 Plays Quiz Updated Sep 13, 2018

Support Sporcle.
Go Orange.
Score 0/20 Timer 07:00
8 Plays Today
Rank City % Correct
59Atlanta, USA
73.9%
95Athens, Greece
66.8%
88Ankara, Turkey
63.1%
221Amsterdam, Netherlands
62.9%
261Austin, USA
55.7%
126Addis Abeba, Ethiopia
47.7%
124Algiers, Algeria
45.5%
75Alexandria, Egypt
42.7%
102Accra, Ghana
42.2%
132Amman, Jordan
39%
Rank City % Correct
196Asunción, Paraguay
34.2%
236Antananarivo, Madagascar
30.2%
53Ahmedabad, India
29.5%
77Abidjan, Côte d'Ivoire
26.9%
247Agra, India
25.9%
136Aleppo, Syria
23.3%
324Adana, Turkey
12.4%
348Amritsar, India
11.9%
179Anshan, China
11.5%
273Asansol, India
7.6%

You're not logged in!

Compare scores with friends on all Sporcle quizzes.
OR
Log In

From the Vault

Many Letter Countries Per Letter

by sproutcm

Not sure if you'll need an atlas or a dictionary for this one.
Remove Ads.
Support Sporcle.
Get the best of Sporcle when you Go Orange. This ad-free experience offers more features, more stats, and more fun while also helping to support Sporcle. Thank you for becoming a member.

Show Comments

Extras

Top Quizzes Today


Score Distribution

Your Account Isn't Verified!

In order to create a playlist on Sporcle, you need to verify the email address you used during registration. Go to your Sporcle Settings to finish the process.

Report this User

Report this user for behavior that violates our Community Guidelines.

Details: